NFL Quarterback by College - Statistics

General Stats
  • This quiz has been taken 487 times
  • The average score is 9 of 15
Answer Stats
Hint Answer % Correct
Tom Brady Michigan
99%
Aaron Rodgers California
90%
Peyton Manning Tennessee
90%
Drew Brees Purdue
83%
Eli Manning Mississippi
78%
Joe Flacco Delaware
64%
Sam Bradford Oklahoma
62%
John Elway Stanford
57%
Ben Roethlisberger Miami of Ohio
53%
Jay Cutler Vanderbilt
52%
Steve Young Brigham Young
50%
Dan Marino Pittsburgh
50%
Terry Bradshaw Louisiana Tech
36%
Kurt Warner Northern Iowa
32%
Dante Culpepper Central Florida
23%
No matching quizzes found
Score Distribution
Percent of People with Each Score
Percentile by Number Answered
Your Score History
You have not taken this quiz